<?xml version="1.0" encoding="UTF-8"?>
<marc:record xmlns:marc="http://www.loc.gov/MARC21/slim">
   <marc:leader>00000nam a2200000 a 4500</marc:leader>
   <marc:datafield ind1="1" ind2=" " tag="100">
      <marc:subfield code="a">Martel, Frédéric</marc:subfield>
      <marc:subfield code="4">aut</marc:subfield>
      <marc:subfield code="e">Verfasser/-in</marc:subfield>
   </marc:datafield>
   <marc:datafield ind1=" " ind2=" " tag="653">
      <marc:subfield code="a">Klerus</marc:subfield>
   </marc:datafield>
   <marc:datafield ind1=" " ind2=" " tag="653">
      <marc:subfield code="a">Homosexualität</marc:subfield>
   </marc:datafield>
   <marc:datafield ind1=" " ind2=" " tag="653">
      <marc:subfield code="a">Homophobie</marc:subfield>
   </marc:datafield>
   <marc:datafield ind1=" " ind2=" " tag="653">
      <marc:subfield code="a">Doppelte Moral</marc:subfield>
   </marc:datafield>
   <marc:datafield ind1=" " ind2=" " tag="653">
      <marc:subfield code="a">Vatikanstadt</marc:subfield>
   </marc:datafield>
   <marc:datafield ind1="0" ind2="0" tag="245">
      <marc:subfield code="a">Sodom</marc:subfield>
   </marc:datafield>
   <marc:datafield ind1="0" ind2="0" tag="245">
      <marc:subfield code="b">Macht, Homosexualität und Doppelmoral im Vatikan</marc:subfield>
   </marc:datafield>
   <marc:datafield ind1="0" ind2="0" tag="245">
      <marc:subfield code="c">Martel, Frédéric</marc:subfield>
   </marc:datafield>
   <marc:datafield ind1=" " ind2="1" tag="264">
      <marc:subfield code="a">Frankfurt am Main</marc:subfield>
      <marc:subfield code="b">S. Fischer</marc:subfield>
   </marc:datafield>
   <marc:datafield ind1=" " ind2=" " tag="250">
      <marc:subfield code="a">2. Auflage</marc:subfield>
   </marc:datafield>
   <marc:datafield ind1="1" ind2=" " tag="520">
      <marc:subfield code="a">Angaben aus der Verlagsmeldung &#xD;
&#xD;
 &#xD;
&#xD;
  Sodom : Macht, Homosexualität und Doppelmoral im Vatikan Martel, Sodom / von Frédéric Martel &#xD;
&#xD;
 &#xD;
Eine fesselnde Reportage aus dem Innersten des Vatikans: Der französische Journalist Frédéric Martel beschreibt, wie katholische Priester, Kardinäle und Bischöfe die rigide, homophobe Sexualmoral verteidigen. Obwohl die meisten von ihnen selbst homosexuell sind. Warum diese Doppelmoral? Warum wird so hartnäckig geschwiegen, warum wird gegen Papst Franziskus intrigiert, den ersten Papst, der homophobe Positionen lockern will? Dahinter steckt ein weltweiter Machtzirkel homosexueller Priester und Würdenträger, die sich selbst als die »Gemeinde« bezeichnen. Sie verhindern jede Liberalisierung, um ihr Doppelleben zu schützen: Ob es um Kondome geht, um die gleichgeschlechtliche Ehe oder die wichtigste Bastion: das Zölibat. Auch das Schweigen über sexuellen Missbrauch ist Teil dieses Systems. Ein Buch, mit dem Martel die Geschichte des Vatikans seit den 1970er Jahren neu schreibt. Er zeigt die Pontifikate von Johannes Paul II., Benedikt XVI. und Franziskus in gänzlich anderem Licht. Grandios geschrieben, hautnah, spannend wie ein Roman über Macht und Intrigen im Vatikan. »Sensationell!« Sunday Times</marc:subfield>
   </marc:datafield>
   <marc:datafield ind1=" " ind2=" " tag="020">
      <marc:subfield code="a">9783103974836</marc:subfield>
      <marc:subfield code="9">9783103974836</marc:subfield>
   </marc:datafield>
   <marc:datafield ind1=" " ind2=" " tag="020">
      <marc:subfield code="a">3103974833</marc:subfield>
      <marc:subfield code="9">3103974833</marc:subfield>
   </marc:datafield>
   <marc:datafield ind1=" " ind2=" " tag="041">
      <marc:subfield code="a">ger</marc:subfield>
   </marc:datafield>
   <marc:datafield ind1=" " ind2=" " tag="338">
      <marc:subfield code="a">Band</marc:subfield>
   </marc:datafield>
   <marc:datafield ind1=" " ind2=" " tag="300">
      <marc:subfield code="a">671 Seiten</marc:subfield>
   </marc:datafield>
</marc:record>
